00507nam a2200133Ia 4500008004100000082002000041100002100061245004100082260002300123300002100146650009500167952009400262999001700356120622s9999 xx 000 0 und d a338.10947 B848t aBrezhnev, Leonid aTierras vírgenes / Leonid Brezhnev aMoscú : Progreso a184 p. + láms. a1. AGRICULTURA - HISTORIA - UNION SOVIETICA \ 2. AGRICULTURA Y ESTADO - UNION SOVIETICAÌ 00104070a01b01d2007-01-25l0o338.10947 B848Tp01 009497r2012-06-24w2012-06-24yLB c59897d59897